| 000 | 01055nam a2200301 i 4500 | ||
|---|---|---|---|
| 001 | 183557 | ||
| 003 | ES-MaACL | ||
| 005 | 20251011063200.0 | ||
| 008 | 140718s2013 sp | |||||||| | spa d | ||
| 020 | _a978-84-9045-074-1 | ||
| 080 | _a165 | ||
| 080 | _a165.23 | ||
| 080 | _a17 | ||
| 100 | 1 |
_aFerraz Fayos, Antonio, _d1928- _950345 |
|
| 245 | 1 | 0 |
_aSer humano en el siglo XXI _b: atrévete a pensar / _cAntonio Ferraz. |
| 260 |
_aGranada : _bComares, _c2013. |
||
| 300 |
_aXII, 403 p. ; _c22 cm. |
||
| 490 | 1 |
_aFilosofía "hoy" ; _v48 |
|
| 505 | 8 |
_aContiene: 1ª parte ; _tMitología, filosofía, ciencia - 2ª parte ; _tEl problema del conocimiento - 3ª parte ; _tLa realidad - 4ª parte ; _tLa acción moral |
|
| 650 | 7 |
_aEpistemología. _912338 |
|
| 650 | 0 | 7 |
_aRealidad. _916683 |
| 650 | 7 |
_aÉtica _2embne _912577 |
|
| 830 | 0 |
_aFilosofía "hoy" ; _v48 _9182438 |
|
| 852 |
_aES-MaACL _jA-13067 _9190499 _bR.150095 _cDEPO1 _dOlim: N-6167 |
||
| 942 |
_2udc _cMONOGRAFIA |
||
| 999 |
_c183557 _d183557 |
||